Name the Year to Album - Statistics

General Stats
  • This quiz has been taken 45 times
  • The average score is 13 of 20
Answer Stats
Albums Year % Correct
Abbey Road, Led Zeppelin, Tommy 1969
87%
Nevermind, Loveless, Ten 1991
87%
Superunknown, Illmatic, Definitely Maybe 1994
87%
Thriller, 1999, Love Over Gold 1982
79%
Hybrid Theory, The Marshall Mathers LP, Voodoo 2000
79%
OK Computer, Life After Death, Blur 1997
76%
Brat, Imaginal Disk, Short n' Sweet 2024
74%
London Calling, The Wall, Bad Girls 1979
68%
Ride the Lightning, Born in the U.S.A., Like a Virgin 1984
66%
Demon Days, Late Registration, The Massacre 2005
63%
To Pimp a Butterfly, Currents, Rodeo 2015
63%
Blonde, Lemonade, 4 Your Eyez Only 2016
63%
Songs in the Key of Life, Ramones, Arrival 1976
61%
Appetite for Destruction, The Joshua Tree, Hysteria 1987
61%
The Doors, Axis: As Bold as Love, Between the Buttons 1967
55%
Nothing Was the Same, Because the Internet, Pure Heroine 2013
50%
SOS, Dawn FM, Harry's House 2022
50%
Master of Reality, What's Going On, Blue 1971
42%
Born to Die, Koi no yokan, Red 2012
39%
Oracular Spectacular, The Fame, Only by the Night 2008
37%
No matching quizzes found
Score Distribution
Percent of People with Each Score
Percentile by Number Answered
Your Score History
You have not taken this quiz